Historian vuosilukuja #1 - monivalinta - Statistics

Yleistilastot
  • Tätä visaa on pelattu 889 kertaa
  • Keskiarvotulos 13 / 20
Vastaustilastot
Kysymys Vastaus % Oikein
Ensimmäinen maailmansota alkaa 1914
95%
Neil Armstrong kävelee ensimmäisenä ihmisenä Kuun pinnalla 1969
91%
Berliinin muuri murtuu 1989
91%
Pähkinäsaaren rauha määrittelee ensimmäistä kertaa Ruotsin ja Novgorodin välisen rajan 1323
81%
Kolumbus "löytää" Amerikan 1492
81%
Yhdysvallat itsenäistyy 1776
81%
Ruotsi menettää Haminan rauhassa Suomen Venäjälle 1809
78%
Japani hyökkää Pearl Harboriin 1941
72%
Mikael Agricolan "Abckiria" julkaistaan ensimmäisenä suomenkielisenä kirjana 1543
67%
Napoleon kukistuu lopullisesti Waterloon taistelussa 1815
63%
Kolmikymmenvuotinen sota päättyy Westfalenin rauhansopimukseen 1648
59%
Musta surma saapuu Eurooppaan 1347
58%
Muhammed kuolee Medinassa 632
54%
Protestanttinen uskonpuhdistus alkaa 1517
53%
Suezin kanava avataan virallisesti 1869
50%
Wrightin veljekset lentävät ensimmäisellä lentokoneella 1903
50%
Aleksanteri Suuri kuolee Babylonissa 323 eaa.
48%
Kastilia ja Aragon yhdistyvät Espanjaksi 1469
39%
Osmanien valtakunta valloittaa Konstantinopolin, minkä seurauksena Bysantin valtakunta lakkaa olemasta 1453
31%
Antiikin ensimmäiset olympialaiset järjestetään 776 eaa.
20%
Ehtoja vastaavia visoja ei löytynyt
Tulosjakauma
Jokaisen tuloksen saaneiden osuus
Persentiili vastausten määrän mukaan
Tuloshistoriasi
Et ole pelannut tätä visaa